000 00575nam a2200205Ia 4500
005 20250923145136.0
008 008 250917s9999 xx 000 0 eng d
037 _aTextual
040 _aDSWL
_beng
_cDSWL
041 _aeng
_2eng
084 _aY4592.2, N69
_qDSWL
100 _aBeteille, Andre
_9832185
245 0 _aCastes: old and new
_cby Andre Beteille
260 _aBombay
_bAsia Publiing House
_c1969
300 _ax,277p.
365 _aINR
_b25.00
925 _g25.00
942 _cTEXL
_hY4592.2, N69
999 _c1447668
_d1447668